Salud pública de México : julio-agosto de 1985 /

Revista oficial de la Secretaría de Salud que contiene artículos para promover la salud especialmente en las zonas marginadas del país.

-д хадгалсан:
Номзүйн дэлгэрэнгүй
Бусад зохиолчид: Rodríguez Domínguez, José (dirección) (dirección)
Формат: Ном
Хэл сонгох:испани
Хэвлэсэн: México : Secretaría de Salud, 1985, c1985
Нөхцлүүд:
Шошгууд: Шошго нэмэх
Шошго байхгүй, Энэхүү баримтыг шошголох эхний хүн болох!

MARC

LEADER 00000nam^a2200000^a^4500
001 000136196
005 20250521000000.0
009 20260310095308.597
022 |a 0036-3634 
037 |a Acervo ITESO - Biblioteca 
041 |a ESP 
082 |a 614. 05  |b SAL V. 27 T. 4 
240 1 1 |a [Salud pública de México] 
245 0 0 |a Salud pública de México :  |b julio-agosto de 1985 /  |c Dir. de J. Rodríguez Domínguez. 
264 4 |a México :  |b Secretaría de Salud,  |c 1985, c1985 
300 |a p. 261-372 
336 |a texto  |b txt  |2 rdacontenido 
337 |a sin mediación  |b n  |2 rdamedio 
338 |a volumen  |b nc  |2 rdasoporte 
520 |a Revista oficial de la Secretaría de Salud que contiene artículos para promover la salud especialmente en las zonas marginadas del país. 
649 |a XX 
650 |a Salud Pública -  |x Publicaciones Periódicas Mexicanas 
650 |a Salud Pública -  |z México -  |x Estudio y Enseñanza 
650 |a Planificación Familiar 
650 |a Demografía 
650 |a Psicología Social 
650 |a Drogadicción 
650 |a Desarrollo Cognoscitivo 
650 |a Alcoholismo 
650 |a Historia Clínica 
650 |a Mortalidad 
650 |a Nutrición 
650 |a Indígenas de México 
650 |a Medicamentos 
650 |a Educación y Promoción Popular 
650 |a Medicina 
650 |a Ciencias Médicas 
650 |a Ciencia 
700 |a Rodríguez Domínguez, José  |e (dirección) 
910 |a Fondo Salvador Reynoso Reynoso 
920 |a Impresos - Libros 
930 |a Fondos Especiales 
905 |a 112 
901 |a 0800013509  |b IT2  |c ESP  |u 20250521 
902 |a https://opac.biblio.iteso.mx/vufind/Record/000136196